<?xml version="1.0" encoding="UTF-8"?>
<record
    xmlns:xsi="http://www.w3.org/2001/XMLSchema-instance"
    xsi:schemaLocation="http://www.loc.gov/MARC21/slim http://www.loc.gov/standards/marcxml/schema/MARC21slim.xsd"
    xmlns="http://www.loc.gov/MARC21/slim">

  <leader>00493nam a22001817a 4500</leader>
  <controlfield tag="005">20250710164439.0</controlfield>
  <controlfield tag="008">250710b        |||||||| |||| 00| 0 eng d</controlfield>
  <datafield tag="020" ind1=" " ind2=" ">
    <subfield code="a">978-1-285-86750-2</subfield>
  </datafield>
  <datafield tag="050" ind1=" " ind2=" ">
    <subfield code="a">HD 31 .W55 2016</subfield>
  </datafield>
  <datafield tag="100" ind1=" " ind2=" ">
    <subfield code="a">WILLIS, CHUCK</subfield>
  </datafield>
  <datafield tag="245" ind1=" " ind2=" ">
    <subfield code="a">MGMT 8: PRINCIPLES OF MANAGEMENT</subfield>
  </datafield>
  <datafield tag="250" ind1=" " ind2=" ">
    <subfield code="a">8</subfield>
  </datafield>
  <datafield tag="260" ind1=" " ind2=" ">
    <subfield code="a">BOSTON, MA</subfield>
    <subfield code="b">CENGAGE LEARNING</subfield>
  </datafield>
  <datafield tag="300" ind1=" " ind2=" ">
    <subfield code="a">VII, 439P.:ILL</subfield>
  </datafield>
  <datafield tag="500" ind1=" " ind2=" ">
    <subfield code="a">INCLUDES BIBLIOGRAPHICAL REFERENCES AND INDEX
</subfield>
  </datafield>
  <datafield tag="650" ind1=" " ind2=" ">
    <subfield code="a">MANAGEMENT</subfield>
  </datafield>
  <datafield tag="942" ind1=" " ind2=" ">
    <subfield code="2">lcc</subfield>
    <subfield code="c">BK</subfield>
  </datafield>
  <datafield tag="999" ind1=" " ind2=" ">
    <subfield code="c">215874</subfield>
    <subfield code="d">215874</subfield>
  </datafield>
  <datafield tag="952" ind1=" " ind2=" ">
    <subfield code="0">0</subfield>
    <subfield code="1">0</subfield>
    <subfield code="2">lcc</subfield>
    <subfield code="4">0</subfield>
    <subfield code="6">HD0031 W55  02016</subfield>
    <subfield code="7">0</subfield>
    <subfield code="8">BUS</subfield>
    <subfield code="9">372329</subfield>
    <subfield code="a">KSUL</subfield>
    <subfield code="b">KSUL</subfield>
    <subfield code="c">DISPLAY</subfield>
    <subfield code="d">2025-07-10</subfield>
    <subfield code="i">109055</subfield>
    <subfield code="l">0</subfield>
    <subfield code="o">HD 31 .W55 2016</subfield>
    <subfield code="p">000000023960</subfield>
    <subfield code="r">2025-07-10 09:35:19</subfield>
    <subfield code="t">1</subfield>
    <subfield code="w">2025-07-10</subfield>
    <subfield code="y">BK</subfield>
  </datafield>
  <datafield tag="952" ind1=" " ind2=" ">
    <subfield code="0">0</subfield>
    <subfield code="1">0</subfield>
    <subfield code="2">lcc</subfield>
    <subfield code="4">0</subfield>
    <subfield code="6">HD0031 W55  02016</subfield>
    <subfield code="7">0</subfield>
    <subfield code="8">BUS</subfield>
    <subfield code="9">372330</subfield>
    <subfield code="a">KSUL</subfield>
    <subfield code="b">KSUL</subfield>
    <subfield code="c">DISPLAY</subfield>
    <subfield code="d">2025-07-10</subfield>
    <subfield code="i">109056</subfield>
    <subfield code="l">0</subfield>
    <subfield code="o">HD 31 .W55 2016</subfield>
    <subfield code="p">000000023959</subfield>
    <subfield code="r">2025-07-10 09:40:28</subfield>
    <subfield code="t">2</subfield>
    <subfield code="w">2025-07-10</subfield>
    <subfield code="y">BK</subfield>
  </datafield>
  <datafield tag="952" ind1=" " ind2=" ">
    <subfield code="0">0</subfield>
    <subfield code="1">0</subfield>
    <subfield code="2">lcc</subfield>
    <subfield code="4">0</subfield>
    <subfield code="6">HD0031 W55  02016</subfield>
    <subfield code="7">0</subfield>
    <subfield code="8">BUS</subfield>
    <subfield code="9">372331</subfield>
    <subfield code="a">KSUL</subfield>
    <subfield code="b">KSUL</subfield>
    <subfield code="c">DISPLAY</subfield>
    <subfield code="d">2025-07-10</subfield>
    <subfield code="i">109057</subfield>
    <subfield code="l">0</subfield>
    <subfield code="o">HD 31 .W55 2016</subfield>
    <subfield code="p">000000023958</subfield>
    <subfield code="r">2025-07-10 09:40:00</subfield>
    <subfield code="t">3</subfield>
    <subfield code="w">2025-07-10</subfield>
    <subfield code="y">BK</subfield>
  </datafield>
  <datafield tag="952" ind1=" " ind2=" ">
    <subfield code="0">0</subfield>
    <subfield code="1">0</subfield>
    <subfield code="2">lcc</subfield>
    <subfield code="4">0</subfield>
    <subfield code="6">HD0031 W55  02016</subfield>
    <subfield code="7">0</subfield>
    <subfield code="8">BUS</subfield>
    <subfield code="9">372332</subfield>
    <subfield code="a">KSUL</subfield>
    <subfield code="b">KSUL</subfield>
    <subfield code="c">DISPLAY</subfield>
    <subfield code="d">2025-07-10</subfield>
    <subfield code="i">109058</subfield>
    <subfield code="l">0</subfield>
    <subfield code="o">HD 31 .W55 2016</subfield>
    <subfield code="p">000000023981</subfield>
    <subfield code="r">2025-07-10 09:40:00</subfield>
    <subfield code="t">4</subfield>
    <subfield code="w">2025-07-10</subfield>
    <subfield code="y">BK</subfield>
  </datafield>
  <datafield tag="952" ind1=" " ind2=" ">
    <subfield code="0">0</subfield>
    <subfield code="1">0</subfield>
    <subfield code="2">lcc</subfield>
    <subfield code="4">0</subfield>
    <subfield code="6">HD0031 W55  02016</subfield>
    <subfield code="7">0</subfield>
    <subfield code="8">BUS</subfield>
    <subfield code="9">372333</subfield>
    <subfield code="a">KSUL</subfield>
    <subfield code="b">KSUL</subfield>
    <subfield code="c">DISPLAY</subfield>
    <subfield code="d">2025-07-10</subfield>
    <subfield code="i">109059</subfield>
    <subfield code="l">0</subfield>
    <subfield code="o">HD 31 .W55 2016</subfield>
    <subfield code="p">000000023980</subfield>
    <subfield code="r">2025-07-10 09:40:00</subfield>
    <subfield code="t">5</subfield>
    <subfield code="w">2025-07-10</subfield>
    <subfield code="y">BK</subfield>
  </datafield>
  <datafield tag="952" ind1=" " ind2=" ">
    <subfield code="0">0</subfield>
    <subfield code="1">0</subfield>
    <subfield code="2">lcc</subfield>
    <subfield code="4">0</subfield>
    <subfield code="6">HD0031 W55  02016</subfield>
    <subfield code="7">0</subfield>
    <subfield code="8">BUS</subfield>
    <subfield code="9">372334</subfield>
    <subfield code="a">KSUL</subfield>
    <subfield code="b">KSUL</subfield>
    <subfield code="c">DISPLAY</subfield>
    <subfield code="d">2025-07-10</subfield>
    <subfield code="i">109060</subfield>
    <subfield code="l">0</subfield>
    <subfield code="o">HD 31 .W55 2016</subfield>
    <subfield code="p">000000023979</subfield>
    <subfield code="r">2025-07-10 09:40:00</subfield>
    <subfield code="t">6</subfield>
    <subfield code="w">2025-07-10</subfield>
    <subfield code="y">BK</subfield>
  </datafield>
  <datafield tag="952" ind1=" " ind2=" ">
    <subfield code="0">0</subfield>
    <subfield code="1">0</subfield>
    <subfield code="2">lcc</subfield>
    <subfield code="4">0</subfield>
    <subfield code="6">HD0031 W55  02016</subfield>
    <subfield code="7">0</subfield>
    <subfield code="8">BUS</subfield>
    <subfield code="9">372335</subfield>
    <subfield code="a">KSUL</subfield>
    <subfield code="b">KSUL</subfield>
    <subfield code="c">DISPLAY</subfield>
    <subfield code="d">2025-07-10</subfield>
    <subfield code="i">109061</subfield>
    <subfield code="l">0</subfield>
    <subfield code="o">HD 31 .W55 2016</subfield>
    <subfield code="p">000000023978</subfield>
    <subfield code="r">2025-07-10 09:40:00</subfield>
    <subfield code="t">7</subfield>
    <subfield code="w">2025-07-10</subfield>
    <subfield code="y">BK</subfield>
  </datafield>
  <datafield tag="952" ind1=" " ind2=" ">
    <subfield code="0">0</subfield>
    <subfield code="1">0</subfield>
    <subfield code="2">lcc</subfield>
    <subfield code="4">0</subfield>
    <subfield code="6">HD0031 W55  02016</subfield>
    <subfield code="7">0</subfield>
    <subfield code="8">BUS</subfield>
    <subfield code="9">372336</subfield>
    <subfield code="a">KSUL</subfield>
    <subfield code="b">KSUL</subfield>
    <subfield code="c">DISPLAY</subfield>
    <subfield code="d">2025-07-10</subfield>
    <subfield code="i">109062</subfield>
    <subfield code="l">0</subfield>
    <subfield code="o">HD 31 .W55 2016</subfield>
    <subfield code="p">000000023977</subfield>
    <subfield code="r">2025-07-10 09:40:00</subfield>
    <subfield code="t">8</subfield>
    <subfield code="w">2025-07-10</subfield>
    <subfield code="y">BK</subfield>
  </datafield>
  <datafield tag="952" ind1=" " ind2=" ">
    <subfield code="0">0</subfield>
    <subfield code="1">0</subfield>
    <subfield code="2">lcc</subfield>
    <subfield code="4">0</subfield>
    <subfield code="6">HD0031 W55  02016</subfield>
    <subfield code="7">0</subfield>
    <subfield code="8">BUS</subfield>
    <subfield code="9">372337</subfield>
    <subfield code="a">KSUL</subfield>
    <subfield code="b">KSUL</subfield>
    <subfield code="c">DISPLAY</subfield>
    <subfield code="d">2025-07-10</subfield>
    <subfield code="i">109063</subfield>
    <subfield code="l">0</subfield>
    <subfield code="o">HD 31 .W55 2016</subfield>
    <subfield code="p">000000023976</subfield>
    <subfield code="r">2025-07-10 09:40:00</subfield>
    <subfield code="t">9</subfield>
    <subfield code="w">2025-07-10</subfield>
    <subfield code="y">BK</subfield>
  </datafield>
  <datafield tag="952" ind1=" " ind2=" ">
    <subfield code="0">0</subfield>
    <subfield code="1">0</subfield>
    <subfield code="2">lcc</subfield>
    <subfield code="4">0</subfield>
    <subfield code="6">HD0031 W55  02016</subfield>
    <subfield code="7">0</subfield>
    <subfield code="8">BUS</subfield>
    <subfield code="9">372338</subfield>
    <subfield code="a">KSUL</subfield>
    <subfield code="b">KSUL</subfield>
    <subfield code="c">DISPLAY</subfield>
    <subfield code="d">2025-07-10</subfield>
    <subfield code="i">109064</subfield>
    <subfield code="l">0</subfield>
    <subfield code="o">HD 31 .W55 2016</subfield>
    <subfield code="p">000000023969</subfield>
    <subfield code="r">2025-07-10 09:40:00</subfield>
    <subfield code="t">10</subfield>
    <subfield code="w">2025-07-10</subfield>
    <subfield code="y">BK</subfield>
  </datafield>
</record>
